000 00383nam a2200145Ia 4500
003 GCL
008 140319s9999 xx 000 0 ara d
040 _aGCL /
_cGCL
082 0 4 _a933.4
_bح ك
245 1 0 _aكيف نفهم اليهود
300 _a107 ص
490 _aالهيئة العامة للاستعلامات
_v0
650 0 4 _aاليهود - تاريخ
942 _2ddc
_cBK
999 _c52147
_d52147